000 02565cab a2200277 ab4500
005 20250618105815.0
008 991125c2017 ec fr p o 000 0 spa d
035 _aUPN01000234414
040 _aMX-MxUPN
_bspa
_cMX-MxUPN
_eaacr2
049 _aART-E
100 1 _aTerrones Rodríguez, Antonio Luis
245 1 3 _aLa construcción de la instersubjetividad desde la hermenéutica trascendental
_h[recurso electrónico en línea]
506 0 _aAcceso abierto
520 3 _aEn este artículo se busca reflexionar sobre cómo el diálogo es una poderosa herramienta para utilizar en aquellos programas educativos que deseen contribuir con la transformación de la sociedad. Es por ello, que se hace necesario vincular la hermenéutica a la praxis de las ciencias sociales. La hermenéutica puede brindar a las ciencias sociales una metodología de encuentro de perspectivas a través de la intersubjetividad. La intersubjetividad, establecida a través del diálogo, puede posibilitar espacios de acercamiento a la hora de construir un conocimiento colectivo en el ámbito educativo. La ética, también como disciplina filosófica, puede servir para fundamentar la praxis educativa orientada hacia la construcción de ciudadanía en las sociedades democráticas. La ética también es importante precisamente porque fomenta la responsabilidad, esa virtud tan necesaria en todas las sociedades, y más si cabe en las actuales que se enfrentan a desafíos nunca antes vistos. La hermenéutica y la ética pueden servir para fundamentar nuevos programas educativos, tanto es así, que el filósofo alemán Apel, con sus contribuciones losó cas a partir de la ética discursiva, esclarece el tema de las comunidades, que suponen ni más ni menos que espacios de diálogo y construcción de conocimiento colectivo. Así pues, una hermosa contribución que podría hacer el pensamiento de Apel, a partir de sus postulados éticos y hermenéuticos, a la educación es la de generación de espacios de encuentros que propicien el diálogo, tan necesario hoy en día, sobre todo en los jóvenes. SOPHIA
653 0 _aHermenéutica
653 0 _aÉtica del discurso
653 0 _aIntersubjetividad
653 0 _aDiálogo
653 0 _aCOMUNIDAD
773 _gNo. 22, (2017), p. 175-192
_tSophia: revista de filosofía de la educación
_x1390-8626
856 4 _uhttps://sophia.ups.edu.ec/index.php/sophia/article/view/22.2017.07
856 4 _uhttps://doi.org/10.17163/soph.n22.2017.07
902 _aLeonor Sotres/180625
905 _aArticulo
942 _cART-E
999 _c206509
_d206509